00687nab a2200205 uc450000100070000000500170000700800410002403500110006503500210007604000130009704100080011010000340011824500490015265000300020165000350023165000290026670000420029570000360033777301080037393073120240201200556.0050616s2005 spa  a930731 a(OCoLC)820324893 ccomduadb aspa10aRomero Ruiz, Adolfo4auteaut10aAutotransfusion (II): el papel de enfermeria aTransfusión sanguínea aTransfusion sanguinea autologa aAcciones de enfermería10aTronchoni de los Llanos, J.4auteaut10aMuñoz Gomez, Manuel4auteaut0 tEnfermería Clínica (España)gVol. 15, No. 01, Ene.-Feb. 2005, p. 37-42w725040x1130-86210232996